ပပ်ႉႁဵၼ်းလိၵ်ႈတႆးမႂ်ႇၸၼ်ႉသွင်။ (Record no. 23387)

000 -LEADER
fixed length control field 00793nam a22001937a 4500
003 - CONTROL NUMBER IDENTIFIER
control field OSt
005 - DATE AND TIME OF LATEST TRANSACTION
control field 20260122194549.0
008 - FIXED-LENGTH DATA ELEMENTS--GENERAL INFORMATION
fixed length control field 230317b ||||| |||| 00| 0 eng d
040 ## - CATALOGING SOURCE
Transcribing agency Ost
041 ## - LANGUAGE CODE
Language code of text/sound track or separate title Shan
082 ## - DEWEY DECIMAL CLASSIFICATION NUMBER
Classification number 375
245 ## - TITLE STATEMENT
Title ပပ်ႉႁဵၼ်းလိၵ်ႈတႆးမႂ်ႇၸၼ်ႉသွင်။
Statement of responsibility, etc. ပိုၼ်ဢွၵ်ႇလုမ်းၽၢႆႇပၼ်ႇၺႃႇမိူင်းတႆး
260 ## - PUBLICATION, DISTRIBUTION, ETC.
Place of publication, distribution, etc. တွင်ႇၵျီး
Name of publisher, distributor, etc. ၶုၼ်လူင်ၽၢႆႇပၼ်ႇၺႃႇၸိုင်ႈတႆး
Date of publication, distribution, etc. 1961
300 ## - PHYSICAL DESCRIPTION
Extent ၺ၊ 95 ၼႃႈ
Other physical details ႁၢင်ႈ
Dimensions 21 ၸိၼ်ႇထီႇ
500 ## - GENERAL NOTE
General note S-SAT: Dr. Prof Sai Aung Tun
650 ## - SUBJECT ADDED ENTRY--TOPICAL TERM
Topical term or geographic name entry element ပပ်ႉၵၢၼ်ႁဵၼ်း
942 ## - ADDED ENTRY ELEMENTS (KOHA)
Koha item type Books (Long term)
650 ## - SUBJECT ADDED ENTRY--TOPICAL TERM
9 (RLIN) 7196
Source of classification or shelving scheme
Holdings
Withdrawn status Lost status Source of classification or shelving scheme Damaged status Not for loan Collection Code Permanent Location Current Location Shelving location Date acquired Total Checkouts Full call number Barcode Date last seen Copy number Price effective from Koha item type Accession
            Shan State Buddhist University Library Shan State Buddhist University Library Special Collection Shelves 17/03/2023   375 ပပ်ႉ ႒႕႓႓ S-SAT SH00002533 17/03/2023 1 17/03/2023 Book (Short term) ႒႕႓႓ S-SAT

Library - 09407999929
Admin Office - 09407999979
Dean Office - 09250910768
Registrar Office - 09892297154
Email - [email protected]
Shan State Buddhist University, Phaya Phyu Taunggyi, Shan State, Myanmar.